书目信息 |
| 题名: |
现代消费经济学通论
|
|
| 作者: | 柳思维 主编 | |
| 分册: | ||
| 出版信息: | 北京 中国人民大学出版社 2014 |
|
| 页数: | 311页 | |
| 开本: | 26cm | |
| 丛书名: | ||
| 单 册: | ||
| 中图分类: | F014.5 | |
| 科图分类: | ||
| 主题词: | 消费经济学--高等学校--教材 , 消费经济学 | |
| 电子资源: | ||
| ISBN: | 978-7-300-18418-0 | |
| 000 | 01029nam0 2200277 450 | |
| 001 | 523 | |
| 005 | 20140908143704.10 | |
| 010 | @a978-7-300-18418-0@dCNY35.00 | |
| 100 | @a20140224d2014 em y0chiy50 ea | |
| 101 | 0 | @achi |
| 102 | @aCN@b110000 | |
| 105 | @ay z 000yy | |
| 106 | @ar | |
| 200 | 1 | @a现代消费经济学通论@AXian Dai Xiao Fei Jing Ji Xue Tong Lun@dGeneral economic theory of consumption@f柳思维主编@FLiu Si Wei Zhu Bian@zeng |
| 205 | @a2版 | |
| 210 | @a北京@c中国人民大学出版社@d2014 | |
| 215 | @a311页@d26cm | |
| 300 | @a21世纪贸易经济系列教材 | |
| 330 | @a本书系统阐述了消费经济学的基本原理、研究内容和对象,包括消费需求、消费方式、消费结构、消费水平、消费市场、消费行为、消费环境、消费质量、消费者权益、消费的宏观调控等内容。 | |
| 510 | 1 | @aGeneral economic theory of consumption@zeng |
| 606 | 0 | @a消费经济学@x高等学校@j教材 |
| 606 | 0 | @a消费经济学 |
| 690 | @aF014.5@v5 | |
| 701 | 0 | @a柳思维@ALiu Si Wei@f(1947.2~)@4主编 |
| 801 | 0 | @aCN@bTANGWEI@c20140603 |
| 905 | @b0841643-45@dF014.5@e447=2@f3 | |
| 现代消费经济学通论=General economic theory of consumption/柳思维主编.-2版.-北京:中国人民大学出版社,2014 |
| 311页;26cm |
| 21世纪贸易经济系列教材 |
| ISBN 978-7-300-18418-0:CNY35.00 |
| 本书系统阐述了消费经济学的基本原理、研究内容和对象,包括消费需求、消费方式、消费结构、消费水平、消费市场、消费行为、消费环境、消费质量、消费者权益、消费的宏观调控等内容。 |
| ● |
| 相关链接 |
|
|
|
|
正题名:现代消费经济学通论
索取号:F014.5/447=2
 
预约/预借
| 序号 | 登录号 | 条形码 | 馆藏地/架位号 | 状态 | 备注 |
| 1 | 0841643 | 208416436 | 第一样本阅览室/ [索取号:F014.5/447=2] | 在馆 | |
| 2 | 0841644 | 208416445 | 第一借阅区/ [索取号:F014.5/447=2] | 在馆 | |
| 3 | 0841645 | 208416454 | 经管系资料室/ [索取号:F014.5/447=2] | 在馆 |